LDR 00809naa#a2200169#i#450# 001 RU\\bibl\118163 005 20260413223653.1 011 ## _a1999-9917 100 ## _a20260330b2026####ek#y0rusy0150####ca 102 ## _aRU 200 1# _aАНАЛИЗ ФАКТОРОВ ВОЗДЕЙСТВИЯ НА ФОРМИРОВАНИЕ ПРАВОПОСЛУШНОГО ПОВЕДЕНИЯ ОСУЖДЕННОГО ПРИ РЕАЛИЗАЦИИ ИНСТИТУТА ПРОБАЦИИ _eЖурнальная статья 210 1# _aРязань _cАкадемия ФСИН России _d2026 215 ## _a10 с. 608 ## _aЖурнальная статья _2local 675 ## _aИсполнение наказания без лишения свободы. 343.847 _z 700 #1 _aВоробьев _gСергей Михайлович 856 4# _amcp.editorum.ru _u